Tilastot visalle Mikä Euroopan kaupunki?

Klikkaa tästä pelataksesi tätä visaa!

Yleistilastot

  • Tätä visaa on pelattu 120 kertaa
  • Keskiarvotulos 22 / 38

Vastaustilastot

KuvausKaupunki% Oikein
Se oli muurilla jaettuna vuoteen
1989 asti
BBerliini
98%
Tšekin pääkaupunkiPPraha
89%
EU:n "pääkaupunki"BBryssel
88%
Katalonian pääkaupunkiBBarcelona
87%
Seilaa Bateau Mouche:lla Seineä pitkinPPariisi
87%
Scveitsin federaation
de-facto pääkaupunki
BBern
83%
Demokratian synnyinpaikkaAAteena
82%
Kuuluisa gondoleistaanVVenetsia
82%
Suurimman Oktoberfestin kotipaikkaMMünchen
81%
Siellä sijaitsee
"Amphitheatrum Flavium"
RRooma
80%
Pääasiallisesti rakennettu
Amagerin ja Sjællandin saarille
KKööpenhamina
75%
Baltian maiden suurin kaupunkiRRiika
75%
Nevajoki virtaa sen halkiPPietari
70%
Kaupunki, joka ennen tunnettiin
Konstantinopolina
IIstanbul
67%
Puerta del Sol, Museo del PradoMMadrid
64%
Suurin ranskankielinen kaupunki
Sveitsissä
GGeneve
57%
Isännöi vuoden 1984
Talviolymppialaiset
SSarajevo
57%
Machiavellin hautapaikkaFFirenze
56%
Gotlannin suurin kaupunkiVVisby
56%
Kaupunki, jossa Elbe virtaa
Pohjanmereen
HHampuri
54%
Pieni kaupunkivaltio Côte d‘AzurillaMMonaco
54%
Ban Jelačić -aukioZZagreb
54%
La Scala oopperan kotikaupunkiMMilano
51%
W.A. Mozartin synnyinpaikkaSSalzburg
47%
Kroatian rantakaupunki,
Diocletianin Palatsi
SSplit
47%
"Old Firm" pelaa jalkapalloa täälläGGlasgow
45%
Venäjän erillisalue Itämeren rannallaKKaliningrad
44%
Edellisen kilpailija, nykyään
vain 30,000 asukkaan kotipaikka
SSparta
44%
Suurin kaupunki Napapiirin
pohjoispuolella
MMurmansk
42%
Kaupunki, jossa juostaan härkien kanssaPPamplona
39%
Sieltä löytyy kuuluisa Belémin torni.LLissabon
36%
...ja kaupunki, mistä sen
neitsytmatka alkoi?
SSouthampton
35%
Ranskalainen kaupunki lähimpänä
Englantia
CCalais
30%
Kaupunki, jossa Krimin konfrenssi pidettiinJJalta
30%
Savan ja Tonavan yhtymäkohdassaBBelgrad
29%
Kaupunki missä R.M.S. Titanic
rakennettiin
BBelfast
24%
Isännöin vuoden 2014 TalviolympialaisetSSochi
15%
Mayflower Aloitti matkansa
"Uuteen Maailmaan" täältä
PPlymouth
12%

Tulosjakauma

Persentiili vastausten määrän mukaan

Jokaisen tuloksen saaneiden osuus

Tuloshistoriasi

Et ole pelannut tätä visaa